Statistics for Ultimate "Saint" Geography Quiz

Click here to take the quiz!

General Stats

  • This quiz has been taken 10,784 times
  • The average score is 24 of 50

Answer Stats

ClueAnswer% Correct
Formerly known as "Leningrad"Saint Petersburg
97%
Capital of ChileSantiago
91%
The "Bay Area"San Francisco
90%
Biggest city in the
Southern Hemisphere
São Paulo
84%
Nevis counter-partSaint Kitts
82%
Costa Rican capitalSan Jose
80%
Counter-part of the GrenadinesSaint Vincent
80%
Only country named for a womanSaint Lucia
79%
Capital of Dominican RepublicSanto Domingo
76%
African island nation in the
Gulf of Guinea
São Tomé
and Príncipe
76%
World's oldest republicSan Marino
74%
Capital of Puerto RicoSan Juan
73%
California fault lineSan Andreas
68%
Where "Anchorman" is setSan Diego
68%
City of "Battle of Alamo"San Antonio
68%
Capital of New MexicoSanta Fe
67%
World capital whose name
means "Holy Savior"
San Salvador
64%
Caribbean island that
is half French, half Dutch
Saint Martin
62%
1904 Summer Olympics host citySaint Louis
59%
Capital of NewfoundlandSaint John's
59%
Cascade volcano erupted in 1980Saint Helens
53%
Island where Napoleon diedSaint Helena
53%
River flowing through
Quebec City and Montreal
Saint Lawrence
53%
Moscow's most famous cathedralSaint Basil's
50%
Location of the world's
oldest golf course
Saint Andrews
46%
Once a church, then a mosque,
then a museum, now a mosque
Hagia Sophia
45%
Mexican city in the end of
Baja California: Cabo ____ _____
San Lucas
44%
Basilica in VeniceSaint Mark's
42%
Capital of GrenadaSaint George's
41%
Los Angeles suburb where
Route 66 came to an end
Santa Monica
35%
Valley where "Valley Girls"
come from
San Fernando
33%
Swiss resort town that hosted
two Winter Olympics
Sankt Moritz
33%
Biggest city in BoliviaSanta Cruz
30%
Two largest Virgin Islands
(name either)
Saint Thomas /
Saint Croix
29%
Oldest city in the United StatesSaint Augustine
28%
Seat of California's Orange countySanta Ana
28%
The "American Riviera"Santa Barbara
26%
French overseas territory located
near Canada
Saint Pierre
and Miquelon
26%
Biggest cathedral in New York CitySaint Patrick's
26%
Resort on Spain's northern coast
near the French border
San Sebastián
25%
Caribbean French island once
colonized by Sweden
Saint Barthélemy
24%
Major cathedral in Vienna or
December 26 holiday
Saint Stephen's
23%
Borough of Montreal or
a French luxury brand
Saint-Laurent
22%
Second biggest city in HondurasSan Pedro Sula
16%
Capital of France's Réunion islandSaint-Denis
12%
Dutch island 7 miles north of
the above
Sint Eustatius
11%
French city with the namesake of
an English band
Saint-Étienne
11%
State in southern BrazilSanta Catarina
9%
Biggest city in northern ArgentinaSan Miguel
de Tucumán
8%
Biggest city in Lower AustriaSankt Pölten
7%

Score Distribution

Percentile by Number Answered

Percent of People with Each Score

Your Score History

You have not taken this quiz